CRIMINOLOGY AND CRIMINAL JUSTICE SYSTEM (Record no. 10985)

MARC details
000 -LEADER
fixed length control field 00332nam a22001457a 4500
003 - CONTROL NUMBER IDENTIFIER
control field SGT
020 ## - INTERNATIONAL STANDARD BOOK NUMBER
International Standard Book Number 9789382740025
082 ## - DEWEY DECIMAL CLASSIFICATION NUMBER
Classification number 345.5405,SWA
100 ## - MAIN ENTRY--PERSONAL NAME
Personal name SWAMY
245 ## - TITLE STATEMENT
Title CRIMINOLOGY AND CRIMINAL JUSTICE SYSTEM
260 ## - PUBLICATION, DISTRIBUTION, ETC. (IMPRINT)
Place of publication, distribution, etc HYDERABAD
Name of publisher, distributor, etc ASIA LAW HOUSE
Year of Publication 2014
300 ## - PAGE DESCRIPTION
No. of Pages 384
650 ## - SUBJECT ADDED ENTRY--TOPICAL TERM
Topical term or geographic name as entry element CRIMINOLOGY
942 ## - ADDED ENTRY ELEMENTS (KOHA)
Source of classification or shelving scheme Dewey Decimal Classification
Koha item type Books
942 ## - ADDED ENTRY ELEMENTS (KOHA)
-- 2
Holdings
Withdrawn status Lost status Source of classification or shelving scheme Damaged status Not for loan Collection code Home library Current library Shelving location Date acquired Vendor Name Cost, normal purchase price SGTU Bill Number Total Checkouts Total Renewals Full call number Accession No. (Barcode) Date last seen Date last borrowed Bill Date Koha item type
    Dewey Decimal Classification     LAW SGT Science & Social Sciences Library SGT Science & Social Sciences Library Text Book 20/02/2017 TECHNICAL BUREA INDIA LIMITED 360.00 SGTU 2002 6 2 345.5405,SWA FL1142 26/07/2022 04/06/2022   Books
    Dewey Decimal Classification   Not For Loan LAW SGT Science & Social Sciences Library SGT Science & Social Sciences Library Reference Book 20/02/2017 TECHNICAL BUREA INDIA LIMITED 360.00 SGTU 2002     345.5405,SWA FL1143 20/02/2017     Books